000 00667nam a2200217Ia 4500
005 20241129111201.0
008 241129s9999||||xx |||||||||||||| ||und||
020 _a978-1-03-231892-9
037 _aTB
040 _aCRL
_beng
_cCRL
041 _aeng
_2eng
084 _aS6:86 R3
_qCRL
100 _aLerman Dorothea C. Au.
_9723567
245 0 _aNeurodevelopment disabilites and employment : helping learners prepare for social demands in the workplace
_cLerman Dorothea C. Au.
260 _aLondon, UK
_bRoutledge
_c2023
300 _axi,285p.
365 _aUKP
_b32.99
650 _aPsychology
942 _cTB
_hS6:86 R3
999 _c1229299
_d1229299